Every Middle Eastern Flag - Sudden Death - Statistics

General Stats
  • This quiz has been taken 444 times
    220 since last reset
  • The average score is 10 of 16
Answers on the Grid
Answers color-coded by a green-red scale on the quiz's grid according to % correct below.
 
Answer Stats
Answer % Correct
United Arab Emirates
90%
Saudi Arabia
78%
Egypt
73%
Yemen
72%
Oman
71%
Israel
69%
Qatar
68%
Bahrain
65%
Lebanon
65%
Iran
62%
Kuwait
62%
Iraq
62%
Jordan
62%
Syria
60%
Turkey
50%
Cyprus
41%
No matching quizzes found
Score Distribution
Percent of People with Each Score
Percentile by Number Answered
Your Score History
You have not taken this quiz since the last reset